000
00317nam a2200133Ia 4500
005
20251222152614.0
008
251222s9999||||xx |||||||||||||| ||spa||
020
_a
8439591268
082
_a
REF.413.1/P66
245
0
_a
Diccionario de Sinónimos y Antónimos
250
_a
1ra.ed.
264
_b
Planeta
942
_c
LIB
999
_c
27106
_d
27106